000 01270cam a2200373 i 4500
001 data
005 20260322212113.0
008 data
035 _a20949487
906 _a7
_bcbc
_ccopycat
_d2
_encip
_f20
_gy-gencatlg
925 0 _aacquire
_b1 shelf copies
_xpolicy default
010 _a 2018275489
020 _a1536151149
_qhardcover
020 _a9781536151145
_qhardcover
020 _z9781536151152
_qebook
035 _a(OCoLC)1080275416
040 _aYDX
_beng
_cYDX
_erda
_dDLC
_dOCLCF
_dDLC
042 _alccopycat
050 0 0 _aHB615
_b.P69 2019
082 0 4 _a658.4/21
_223
245 0 4 _aThe power of entrepreneurship /
_cDaan Dirksen, editor.
264 1 _aNew York :
_bNova Science Publishers,
_c[2019]
300 _axiii, 304 pages ;
_c23 cm.
336 _atext
_btxt
_2rdacontent
337 _aunmediated
_bn
_2rdamedia
338 _avolume
_bnc
_2rdacarrier
490 1 _aBusiness issues, competition and entrepreneurship
504 _aIncludes bibliographical references and index.
650 0 _aEntrepreneurship.
650 7 _aEntrepreneurship.
_2fast
_0(OCoLC)fst00912787
700 1 _aDirksen, Daan,
_eeditor.
830 0 _aBusiness issues, competition and entrepreneurship series.
999 _c1705
_d1705